[Event "SR 3. liga A2 2012/2013"]
[Site "?"]
[Date "2013.01.27"]
[Round "7.4"]
[White "Sarmir, Milos"]
[Black "Kubis, Ivan"]
[Result "1-0"]
[WhiteElo "2067"]
[BlackElo "2013"]
[PlyCount "159"]
[EventDate "2012.??.??"]

1. e4 e5 2. Nf3 Nc6 3. Bb5 a6 4. Ba4 Nf6 5. c3 b5 6. Bb3 Be7 7. O-O O-O 8. Re1
d5 9. exd5 Nxd5 10. Nxe5 Nxe5 11. Rxe5 c6 12. d4 Bd6 13. Re1 Qh4 14. g3 Qh3 15.
Bxd5 cxd5 16. Qf3 Bf5 17. Qg2 Qh5 18. Qxd5 Rad8 19. Qc6 Bb8 20. Be3 Rd6 21. Qg2
Bh3 22. Qh1 Rg6 23. Nd2 Bd7 24. d5 Rd8 25. Qe4 Re8 26. Qd3 Rd8 27. Qd4 Bh3 28.
Bf4 Bxf4 29. Qxf4 Qxd5 30. Qe4 Re6 31. Qxd5 Rxd5 32. Nf3 Kf8 33. Nd4 Red6 34.
Re4 Bd7 35. Rae1 b4 36. Nb3 bxc3 37. bxc3 Rd1 38. Nd4 Rxe1+ 39. Rxe1 Rb6 40. f4
Bh3 41. Kf2 Bg4 42. Rc1 Ke7 43. Ke3 Kd6 44. Nb3 Be6 45. c4 Kc7 46. Kd4 Rd6+ 47.
Kc5 Rd8 48. Re1 g6 49. Nd4 Bg4 50. Re7+ Rd7 51. Rxd7+ Bxd7 52. Kb4 Kd6 53. Nf3
f6 54. Nd2 Bf5 55. Nb3 Bc8 56. Na5 g5 57. fxg5 fxg5 58. c5+ Kd5 59. Nc4 Bb7 60.
Nd6 Bc6 61. Nc4 Bb5 62. Nb6+ Kc6 63. Nc4 Kd5 64. Nb6+ Kc6 65. a4 Be2 66. Nc4
Kd5 67. Ne3+ Ke4 68. Nc4 Kd5 69. Nb6+ Kc6 70. a5 Bb5 71. Nc4 Kd5 72. Nd6 Bd3
73. Nf7 g4 74. Nh6 Be2 75. Nf5 Bf3 76. Nh6 Ke5 77. Nf7+ Kd5 78. Ng5 Be2 79.
Nxh7 Ke4 80. Nf6+ 1-0

[Event "SR 3. liga A2 2012/2013"]
[Site "?"]
[Date "2013.01.27"]
[Round "7.4"]
[White "Vepy, Ivan"]
[Black "Vagovsky, Jozef"]
[Result "1-0"]
[WhiteElo "1921"]
[BlackElo "1971"]
[PlyCount "55"]
[EventDate "2012.??.??"]

1. e4 e6 2. d4 d5 3. exd5 exd5 4. Nf3 c5 5. dxc5 Bxc5 6. Bb5+ Nc6 7. O-O Nge7
8. Re1 O-O 9. Bg5 Qb6 10. Qe2 a6 11. Bxc6 Nxc6 12. h3 Qxb2 13. Nbd2 Nd4 14.
Nxd4 Bxd4 15. Nb3 Bf6 16. Rab1 Qc3 17. Bc1 Bf5 18. Ba3 Rfc8 19. Be7 Bxc2 20.
Rbc1 Qd3 21. Bxf6 gxf6 22. Qg4+ Qg6 23. Qd7 Bf5 24. Rxc8+ Rxc8 25. Qxd5 Bxh3
26. Re3 Be6 27. Rxe6 Qg4 28. Re3 1-0

[Event "SR 3. liga A2 2012/2013"]
[Site "?"]
[Date "2013.01.27"]
[Round "7.4"]
[White "Markuliak, Mario"]
[Black "Hrubsa, Marian"]
[Result "1-0"]
[WhiteElo "1808"]
[BlackElo "1820"]
[PlyCount "111"]
[EventDate "2012.??.??"]

1. c4 Nf6 2. Nc3 e5 3. g3 Nc6 4. Bg2 Bc5 5. Nf3 O-O 6. O-O d6 7. a3 a6 8. b4
Ba7 9. Qc2 Be6 10. d3 h6 11. e3 Qd7 12. Re1 Rac8 13. Ne2 Rfe8 14. d4 Bf5 15.
Qd1 e4 16. Nd2 Bh3 17. Nc3 Bxg2 18. Kxg2 Qf5 19. b5 axb5 20. Nxb5 Bb8 21. Rb1
Ne7 22. d5 Ng6 23. Nd4 Qg5 24. f4 exf3+ 25. N2xf3 Qg4 26. Rxb7 Ne4 27. a4 h5
28. Nd2 Qxd1 29. Rxd1 Nc5 30. Rb4 Rxe3 31. N2f3 Ree8 32. Nc6 Nf8 33. Re1 Nfd7
34. Ne7+ Rxe7 35. Rxe7 Kf8 36. Re2 Nd3 37. Rb1 N7c5 38. a5 Na4 39. Re3 Nxc1 40.
Rxc1 Nc5 41. Nd4 Ba7 42. Nc6 Ra8 43. Rb1 g6 44. Re7 Na6 45. Rf1 f5 46. Rh7 Kg8
47. Rd7 Bc5 48. Re1 Nb4 49. Ne7+ Kf7 50. Nxg6+ Kg8 51. Ree7 Bd4 52. Rxc7 Nd3
53. a6 Bf6 54. Rf7 Bc3 55. a7 Re8 56. Rf8+ 1-0

[Event "SR 3. liga A2 2012/2013"]
[Site "?"]
[Date "2013.01.27"]
[Round "7.4"]
[White "Vach, Jozef"]
[Black "Hornak, Pavol"]
[Result "1-0"]
[WhiteElo "1793"]
[BlackElo "1753"]
[PlyCount "111"]
[EventDate "2012.??.??"]

1. d4 Nf6 2. Nf3 e6 3. c4 d5 4. Bg5 Be7 5. Nc3 O-O 6. e3 Nc6 7. Bd3 Bd7 8. Bxf6
Bxf6 9. cxd5 Nb4 10. Be4 exd5 11. Nxd5 Nxd5 12. Bxd5 c6 13. Bb3 Qa5+ 14. Qd2
Qb5 15. Qe2 Qa5+ 16. Qd2 Qb5 17. Ne5 Bxe5 18. dxe5 Bf5 19. Qc3 Rfe8 20. a4 Qxe5
21. Qxe5 Rxe5 22. O-O Ree8 23. Rfd1 Red8 24. f3 Kf8 25. e4 Bg6 26. Bc2 f6 27.
Kf2 Ke7 28. Ke3 h6 29. g4 Bf7 30. h4 Rxd1 31. Rxd1 Rd8 32. Rxd8 Kxd8 33. f4 c5
34. g5 hxg5 35. hxg5 fxg5 36. fxg5 a6 37. Kf4 b5 38. axb5 axb5 39. Ke5 Kc7 40.
Bd3 Kc6 41. Be2 c4 42. Kd4 Kb6 43. Bg4 Be8 44. Be6 Ka5 45. Bg4 Kb6 46. e5 Kc6
47. Bf3+ Kb6 48. Bd5 Ka5 49. Kc3 Kb6 50. Kb4 g6 51. e6 Kc7 52. Kc5 Kd8 53. Kd6
b4 54. Bxc4 Bd7 55. e7+ Ke8 56. Bf7+ 1-0

[Event "SR 3. liga A2 2012/2013"]
[Site "?"]
[Date "2013.01.27"]
[Round "7.5"]
[White "Horak, Ivan"]
[Black "Malar, Pavol"]
[Result "1/2-1/2"]
[WhiteElo "2094"]
[BlackElo "2118"]
[PlyCount "95"]
[EventDate "2012.??.??"]

1. e4 e6 2. d4 d5 3. Nd2 Nc6 4. Ngf3 Nf6 5. e5 Nd7 6. Be2 f6 7. exf6 Qxf6 8.
Nf1 Bd6 9. Bg5 Qf7 10. Ne3 O-O 11. O-O b6 12. Bh4 Bb7 13. Qd2 Rae8 14. Rad1 Nf6
15. Bxf6 Qxf6 16. Ng4 Qf4 17. h3 Re7 18. Qxf4 Rxf4 19. g3 Rf5 20. Ne3 Rf8 21.
c3 Nd8 22. Ng4 c5 23. Nfe5 cxd4 24. cxd4 Nc6 25. Nxc6 Bxc6 26. Ne5 Bb7 27. Rc1
Rc8 28. Rxc8+ Bxc8 29. Rc1 Bb7 30. f4 Kf8 31. Bd3 g6 32. Kf2 Kg7 33. a3 Re8 34.
Bb5 Re7 35. Rc3 a6 36. Bd3 b5 37. b4 a5 38. bxa5 b4 39. axb4 Bxb4 40. Rc2 Bxa5
41. Nc6 Bxc6 42. Rxc6 Kf6 43. g4 h6 44. f5 gxf5 45. gxf5 Bd2 46. Ke2 Bf4 47.
Kf3 Bd2 48. Rxe6+ 1/2-1/2

[Event "SR 3. liga A2 2012/2013"]
[Site "?"]
[Date "2013.01.27"]
[Round "7.5"]
[White "Bisco, Igor"]
[Black "Sefcik, Marek"]
[Result "1/2-1/2"]
[WhiteElo "2143"]
[BlackElo "2021"]
[PlyCount "60"]
[EventDate "2012.??.??"]

1. e4 c5 2. Nf3 e6 3. d4 cxd4 4. Nxd4 Bc5 5. Be3 Qb6 6. Nc3 Nc6 7. Ndb5 Bxe3 8.
fxe3 Qxe3+ 9. Qe2 Qxe2+ 10. Bxe2 Ke7 11. O-O-O Nf6 12. Nd6 Ne8 13. Nxe8 Rxe8
14. Nb5 Rd8 15. Nd6 Ne5 16. Rd4 f6 17. Rhd1 Nf7 18. a4 Nxd6 19. Rxd6 b6 20. Bb5
a6 21. Bc4 Bb7 22. Rxb6 Rdb8 23. Re1 Bc6 24. Rxa6 Rxa6 25. Bxa6 Bxa4 26. b3 Bb5
27. Bxb5 Rxb5 28. Kd2 Re5 29. Kd3 f5 30. Re3 f4 1/2-1/2

[Event "SR 3. liga A2 2012/2013"]
[Site "?"]
[Date "2013.01.27"]
[Round "7.5"]
[White "Kovarik, Oto"]
[Black "Slamena, Michal"]
[Result "0-1"]
[WhiteElo "1979"]
[BlackElo "1986"]
[PlyCount "110"]
[EventDate "2012.??.??"]

1. e4 c5 2. Nf3 d6 3. d4 cxd4 4. Nxd4 Nf6 5. Nc3 g6 6. Be2 Bg7 7. O-O O-O 8.
Be3 Nc6 9. h3 a6 10. Qd2 Bd7 11. f4 b5 12. Bf3 Rc8 13. Rad1 Na5 14. Qe1 Nc4 15.
Bc1 e5 16. fxe5 dxe5 17. Nde2 Qb6+ 18. Qf2 Bc6 19. b3 Qxf2+ 20. Kxf2 Na5 21.
Ba3 Rfe8 22. Rd2 Nb7 23. Rfd1 a5 24. Bb2 Bh6 25. Rd3 b4 26. Nd5 Bxd5 27. exd5
Nc5 28. Re3 Bxe3+ 29. Kxe3 Nfd7 30. g4 Nb6 31. c4 bxc3 32. Bxc3 e4 33. Bg2 Rcd8
34. Nf4 g5 35. Nh5 Nbd7 36. Bxa5 Ra8 37. b4 Nb7 38. Bc7 Rxa2 39. Bxe4 Rb2 40.
Rd4 Ra8 41. d6 Ra3+ 42. Bd3 Rh2 43. Rd5 Rxh3+ 44. Ke4 Rxh5 45. Rb5 Nxd6+ 46.
Bxd6 Rh3 47. Rxg5+ Kh8 48. Rb5 Raxd3 49. Be5+ Nxe5 50. Kxe5 Kg7 51. Rc5 h5 52.
Ke4 hxg4 53. Rg5+ Kf6 54. Rxg4 Rhe3+ 55. Kf4 Rd4+ 0-1

[Event "SR 3. liga A2 2012/2013"]
[Site "?"]
[Date "2013.01.27"]
[Round "7.5"]
[White "Gajarsky, Roman"]
[Black "Chabada, Tomas"]
[Result "0-1"]
[WhiteElo "1873"]
[BlackElo "1941"]
[PlyCount "104"]
[EventDate "2012.??.??"]

1. e4 e5 2. Nf3 Nc6 3. Bc4 Nf6 4. Ng5 d5 5. exd5 Na5 6. Bb5+ c6 7. dxc6 bxc6 8.
Be2 Bc5 9. d3 O-O 10. Nc3 Nb7 11. O-O Nd5 12. Nge4 Be7 13. Kh1 f5 14. Ng3 Nc5
15. f4 Nxf4 16. Bxf4 exf4 17. Rxf4 Bd6 18. Qf1 Bxf4 19. Qxf4 Ne6 20. Qc4 Qd6
21. Bf3 Bd7 22. Nce2 Kh8 23. c3 Rae8 24. Rf1 Ng5 25. h4 Nxf3 26. Rxf3 Be6 27.
Qd4 Qxd4 28. Nxd4 g6 29. h5 Bd5 30. Rf2 Re3 31. Nge2 Rxd3 32. hxg6 hxg6 33. Nf4
Rd1+ 34. Kh2 Kg7 35. Nxd5 Rh8+ 36. Kg3 cxd5 37. Re2 Rd3+ 38. Kf2 Kf7 39. Nc6
Kf6 40. Nxa7 Ra8 41. Nc6 g5 42. Rc2 Re8 43. a4 g4 44. Re2 Re4 45. a5 Rd1 46.
Rxe4 dxe4 47. Ke2 Ra1 48. b4 f4 49. b5 Ra2+ 50. Ke1 f3 51. gxf3 g3 52. fxe4 g2
0-1

[Event "SR 3. liga A2 2012/2013"]
[Site "?"]
[Date "2013.01.27"]
[Round "7.5"]
[White "Holiencin, Filip"]
[Black "Barca, Michal"]
[Result "0-1"]
[WhiteElo "1680"]
[BlackElo "1825"]
[PlyCount "72"]
[EventDate "2012.??.??"]

1. d4 Nf6 2. c4 e6 3. Nc3 Bb4 4. Qc2 d5 5. Bg5 O-O 6. e3 b6 7. cxd5 exd5 8. Bd3
h6 9. Bh4 c5 10. Nge2 Nc6 11. O-O Bxc3 12. Qxc3 c4 13. Bc2 g5 14. Bg3 b5 15. f3
Re8 16. Rae1 b4 17. Qd2 a5 18. Bb1 a4 19. Kh1 Ba6 20. h4 Kg7 21. hxg5 hxg5 22.
e4 Nh5 23. exd5 c3 24. Qc2 Nxg3+ 25. Nxg3 Rh8+ 26. Kg1 Nxd4 27. Qe4 Qb6 28. Rf2
Rae8 29. Qxe8 Rxe8 30. Rxe8 c2 31. Bxc2 Nxc2 32. Ne4 Nd4 33. Nxg5 Ne2+ 34. Kh2
Qd6+ 35. Kh1 Qxd5 36. Re4 Qd1+ 0-1

[Event "SR 3. liga A2 2012/2013"]
[Site "?"]
[Date "2013.01.27"]
[Round "7.5"]
[White "Janas, Peter"]
[Black "Husek, Lubomir"]
[Result "0-1"]
[WhiteElo "1756"]
[BlackElo "1809"]
[PlyCount "134"]
[EventDate "2012.??.??"]

1. d4 d5 2. Nf3 Nf6 3. c4 c6 4. Nc3 e6 5. cxd5 exd5 6. Bg5 Be7 7. g3 h6 8. Bd2
Bf5 9. Bg2 Nbd7 10. O-O O-O 11. Re1 Rc8 12. Nh4 Bh7 13. Nf3 Ne4 14. Ne5 Nxd2
15. Qxd2 Nf6 16. Nd3 a5 17. a3 Ne4 18. Nxe4 dxe4 19. Nc1 b5 20. Na2 Bf6 21.
Red1 Qb6 22. e3 Rfe8 23. Rac1 Be7 24. Qc2 f5 25. Nc3 Bg6 26. Bf1 Bf7 27. Nb1 a4
28. Nd2 c5 29. dxc5 Rxc5 30. Qb1 Rec8 31. Rxc5 Qxc5 32. Be2 Bf6 33. Kf1 b4 34.
Kg2 bxa3 35. bxa3 Qxa3 36. Qb5 Rc5 37. Qa6 Qb4 38. Qa8+ Kh7 39. Qa7 Bg8 40. Bh5
a3 41. Bf7 Bxf7 42. Qxf7 Rc2 43. Nb3 Qc4 44. Qxc4 Rxc4 45. Nd4 a2 46. Ra1 Ra4
47. Kf1 Kg8 48. Ke1 Kf7 49. Kd2 Bxd4 50. exd4 Rxd4+ 51. Kc2 Ra4 52. Kb3 Ra8 53.
Rxa2 Rxa2 54. Kxa2 Ke6 55. Kb2 Kd5 56. Kc3 g5 57. Kd2 Kd4 58. Ke2 f4 59. gxf4
gxf4 60. h3 h5 61. Kd2 h4 62. f3 exf3 63. Kd1 f2 64. Ke2 f1=Q+ 65. Kxf1 Ke3 66.
Ke1 f3 67. Kf1 f2 0-1

[Event "SR 3. liga A2 2012/2013"]
[Site "?"]
[Date "2013.01.27"]
[Round "7.5"]
[White "Hrubos, Milan"]
[Black "Cebo, Vladimir"]
[Result "1-0"]
[WhiteElo "1786"]
[BlackElo "1627"]
[PlyCount "67"]
[EventDate "2012.??.??"]

1. e4 e5 2. f4 exf4 3. Nf3 d6 4. Bc4 Nc6 5. d4 Bg4 6. O-O h6 7. Bxf4 Nf6 8. Nc3
Be7 9. Qd2 Nxe4 10. Bxf7+ Kxf7 11. Nxe4 Rf8 12. Bxh6 Bxf3 13. Rxf3+ Kg8 14.
Rxf8+ Kxf8 15. Rf1+ Kg8 16. Be3 d5 17. Ng3 Qd7 18. c3 Rf8 19. Rxf8+ Kxf8 20.
Qf2+ Kg8 21. Qf3 Qe6 22. b4 a6 23. Nh5 Qf7 24. Nf4 Bd6 25. Qxd5 Qxd5 26. Nxd5
b5 27. Bf4 Bxf4 28. Nxf4 Nb8 29. Kf2 Kf7 30. Ke3 c6 31. Ke4 g6 32. Ke5 g5 33.
Ne6 g4 34. Kd6 1-0

[Event "SR 3. liga A2 2012/2013"]
[Site "?"]
[Date "2013.01.27"]
[Round "7.5"]
[White "Drgon, Matus"]
[Black "Pivacek, Jozef"]
[Result "0-1"]
[WhiteElo "1643"]
[BlackElo "1000"]
[PlyCount "102"]
[EventDate "2012.??.??"]

1. d4 d5 2. c4 e6 3. Nc3 Nf6 4. Bg5 Be7 5. Nf3 O-O 6. e3 h6 7. Bh4 dxc4 8. Bxc4
c6 9. O-O Nbd7 10. Qc2 Nb6 11. Bd3 Nbd5 12. a3 Nxc3 13. bxc3 b6 14. c4 c5 15.
Rfd1 Bd7 16. Ne5 cxd4 17. exd4 Rc8 18. a4 Kh8 19. Qc3 Bc6 20. Bc2 Be4 21. Bxe4
Nxe4 22. Bxe7 Qxe7 23. Qd3 Nf6 24. a5 Ra8 25. Qf3 bxa5 26. Rxa5 Qc7 27. Rc5 Qb6
28. Rb5 Qd6 29. Rb7 Kg8 30. c5 Qd5 31. Qxd5 Nxd5 32. Nc6 a5 33. Ra1 a4 34. Na7
Nc3 35. Kf1 Rfb8 36. c6 Rxb7 37. cxb7 Rb8 38. Rc1 Rxb7 39. Rxc3 Rxa7 40. Ra3
Kf8 41. Ke2 Ke7 42. Kd3 Kd6 43. f3 Kd5 44. g3 h5 45. h3 g6 46. f4 Ra6 47. g4
hxg4 48. hxg4 Ra7 49. g5 Ra6 50. Ke3 Kc4 51. Ke4 Ra5 0-1

[Event "SR 3. liga A2 2012/2013"]
[Site "?"]
[Date "2013.01.27"]
[Round "7.6"]
[White "Pribila, Gerhard"]
[Black "Sturdik, Igor"]
[Result "1/2-1/2"]
[WhiteElo "2080"]
[BlackElo "2027"]
[PlyCount "148"]
[EventDate "2012.??.??"]

1. d4 Nf6 2. c4 c5 3. d5 e6 4. Nc3 exd5 5. cxd5 d6 6. g3 g6 7. Nf3 Bg7 8. Bg2
O-O 9. O-O Re8 10. Nd2 b6 11. a4 Ba6 12. Re1 Nbd7 13. Nb5 Ne5 14. h3 g5 15. Qc2
Bb7 16. e4 a6 17. Nc3 Nfd7 18. Nf1 Ng6 19. Ne3 Nde5 20. Nf5 Bf6 21. f4 gxf4 22.
gxf4 Nc4 23. Qe2 Bc8 24. Nh6+ Kg7 25. Qxc4 Bd4+ 26. Kh1 Qh4 27. Qf1 Kxh6 28.
f5+ Kg7 29. fxg6 hxg6 30. Be3 Rh8 31. Qf4 Bxh3 32. Qxh4 Bxg2+ 33. Kxg2 Rxh4 34.
Bxd4+ cxd4 35. Nd1 Rc8 36. Nf2 Rc2 37. Kg3 g5 38. Rad1 Rxb2 39. Rxd4 f5 40. Rd3
f4+ 41. Kf3 Rc2 42. e5 dxe5 43. Rxe5 Kf6 44. Re2 Rxe2 45. Kxe2 Rh7 46. Kf3 Kf5
47. d6 Rd7 48. Rd1 b5 49. axb5 axb5 50. Rd5+ Ke6 51. Rxb5 Kxd6 52. Ne4+ Kc6 53.
Rc5+ Kb6 54. Rxg5 Rf7 55. Nd6 Rf6 56. Nf5 Rc6 57. Kxf4 Rc1 58. Ke5 Rd1 59. Nd4
Kc5 60. Ne6+ Kc4 61. Rg4+ Kc3 62. Nc7 Re1+ 63. Kd5 Rd1+ 64. Kc5 Kd3 65. Nd5
Rc1+ 66. Kd6 Rd1 67. Rg3+ Kd4 68. Rg4+ Kd3 69. Rg2 Kc4 70. Rc2+ Kd4 71. Rc3 Ke4
72. Rc4+ Rd4 73. Rc5 Rd1 74. Kc6 Rh1 1/2-1/2

[Event "SR 3. liga A2 2012/2013"]
[Site "?"]
[Date "2013.01.27"]
[Round "7.6"]
[White "Bahna, Jan"]
[Black "Ambros, Rafael"]
[Result "1-0"]
[WhiteElo "1943"]
[BlackElo "1997"]
[PlyCount "53"]
[EventDate "2012.??.??"]

1. e4 c5 2. Nc3 Nc6 3. g3 g6 4. Bg2 Bg7 5. d3 e6 6. Nge2 Nge7 7. O-O O-O 8. Nf4
Rb8 9. Be3 d6 10. Qd2 b5 11. Rfc1 Nd4 12. Nd1 e5 13. Ne2 Bg4 14. Nxd4 cxd4 15.
Bh6 Rc8 16. Bxg7 Kxg7 17. f3 Be6 18. c3 Qb6 19. Nf2 Nc6 20. h3 Rc7 21. Kh2 Rfc8
22. f4 dxc3 23. bxc3 b4 24. f5 Bd7 25. Ng4 Kf8 26. Qh6+ Ke8 27. Nf6+ 1-0

[Event "SR 3. liga A2 2012/2013"]
[Site "?"]
[Date "2013.01.27"]
[Round "7.6"]
[White "Kocak, Branislav"]
[Black "Krist, Milan"]
[Result "1-0"]
[WhiteElo "1891"]
[BlackElo "1985"]
[PlyCount "69"]
[EventDate "2012.??.??"]

1. d4 d5 2. c4 e5 3. dxe5 d4 4. Nf3 c5 5. g3 Nc6 6. Bg2 Nge7 7. O-O Ng6 8. Re1
Be7 9. e3 O-O 10. exd4 cxd4 11. Nbd2 Bb4 12. a3 Bxd2 13. Bxd2 Re8 14. Bb4 Ngxe5
15. Nxe5 Rxe5 16. Rxe5 Nxe5 17. Qe2 Nc6 18. Rd1 Bf5 19. Bc3 d3 20. Qe3 Qd7 21.
Qg5 Bg6 22. Bd5 Re8 23. h4 Qf5 24. Qxf5 Bxf5 25. g4 Bxg4 26. Rxd3 Bf5 27. Rg3
g6 28. h5 Nd8 29. hxg6 Bxg6 30. f4 Kf8 31. Bb4+ Kg7 32. f5 Kf6 33. fxg6 fxg6
34. Kf2 b6 35. Bc3+ 1-0

[Event "SR 3. liga A2 2012/2013"]
[Site "?"]
[Date "2013.01.27"]
[Round "7.6"]
[White "Mosny, Jaroslav"]
[Black "Brunovsky, Peter"]
[Result "1-0"]
[WhiteElo "1923"]
[BlackElo "1816"]
[PlyCount "90"]
[EventDate "2012.??.??"]

1. d4 Nf6 2. c4 c5 3. d5 b5 4. cxb5 a6 5. b6 d6 6. Nc3 Nbd7 7. e4 g6 8. Nf3 Bg7
9. Be2 O-O 10. O-O Nxb6 11. Nd2 Bb7 12. Nc4 Nxc4 13. Bxc4 Nd7 14. Bg5 Nb6 15.
Be2 Re8 16. Qd2 Qd7 17. Rad1 Rad8 18. Qc2 Qc7 19. h4 Nd7 20. h5 Nf8 21. Bg4 Rb8
22. Be3 e6 23. Qd2 f5 24. Bf3 fxe4 25. Bxe4 e5 26. h6 Bf6 27. Bf3 Nd7 28. Ne4
Be7 29. Bg5 Bxg5 30. Qxg5 Rf8 31. Qe7 Rf7 32. Qxd6 Qxd6 33. Nxd6 Re7 34. Nxb7
e4 35. d6 Re5 36. Rfe1 Rxb7 37. Bxe4 Rxb2 38. Bc6 Rxe1+ 39. Rxe1 Nb8 40. Bd5+
Kf8 41. Rc1 Nd7 42. Bc6 Ne5 43. Rxc5 Nxc6 44. Rxc6 Rxa2 45. Rc8+ Kf7 1-0

[Event "SR 3. liga A2 2012/2013"]
[Site "?"]
[Date "2013.01.27"]
[Round "7.6"]
[White "Valla, Tomas"]
[Black "Bukovsky, Milan"]
[Result "1-0"]
[WhiteElo "1813"]
[BlackElo "1956"]
[PlyCount "101"]
[EventDate "2012.??.??"]

1. e4 e5 2. Nc3 Nf6 3. f4 d5 4. fxe5 Nxe4 5. Nf3 Nc6 6. d4 Be7 7. Bd3 Nxc3 8.
bxc3 Bg4 9. O-O Qd7 10. Qe1 O-O-O 11. Ng5 Bxg5 12. Bxg5 Rdf8 13. h3 Be6 14. a4
Ne7 15. Rf3 h6 16. Bc1 f5 17. exf6 Rxf6 18. Rxf6 gxf6 19. Kh2 Bf5 20. Qf2 h5
21. Ba3 Bxd3 22. cxd3 Qf5 23. Qxf5+ Nxf5 24. Rf1 Ne3 25. Rxf6 Nd1 26. c4 dxc4
27. dxc4 Ne3 28. c5 Nd5 29. Rf5 c6 30. a5 Rh7 31. Bc1 Kd7 32. g3 Ke6 33. Re5+
Kd7 34. Kg2 Nb4 35. Bd2 Nd5 36. Bf4 h4 37. Bg5 hxg3 38. Kxg3 Rf7 39. h4 Nc7 40.
h5 Ne6 41. Be3 Nf8 42. Kg4 Nh7 43. h6 Rf1 44. Bg5 Rf7 45. Kh5 Nf8 46. Bh4 Kc8
47. Re8+ Kd7 48. Rxf8 Rxf8 49. h7 Ke8 50. Kg6 a6 51. Bf6 1-0

[Event "SR 3. liga A2 2012/2013"]
[Site "?"]
[Date "2013.01.27"]
[Round "7.6"]
[White "Klanica, Anton"]
[Black "Zajicek, Ferdinand"]
[Result "1-0"]
[WhiteElo "1853"]
[BlackElo "1830"]
[PlyCount "131"]
[EventDate "2012.??.??"]

1. e4 c5 2. Nf3 d6 3. d4 cxd4 4. Nxd4 Nf6 5. f3 g6 6. Be3 Bg7 7. c3 O-O 8. Bd3
Bd7 9. Nd2 Nc6 10. N2b3 a6 11. Qd2 Rc8 12. O-O Ne5 13. Be2 Nc4 14. Bxc4 Rxc4
15. Qe2 Rc8 16. Rfd1 Qc7 17. Qd2 Bc6 18. Nxc6 Qxc6 19. Kf2 Nd7 20. Qd5 Nb6 21.
Qxc6 Rxc6 22. Na5 Nc4 23. Nxc6 bxc6 24. Bd4 Nxb2 25. Rdb1 Na4 26. Bxg7 Kxg7 27.
Rb3 Nc5 28. Rb6 Rc8 29. Ke3 f6 30. Rab1 Kf7 31. Kd2 h5 32. Rb8 Rc7 33. Ra8 h4
34. Rbb8 g5 35. Rc8 Rb7 36. Rab8 Rxb8 37. Rxb8 Ke6 38. g3 hxg3 39. hxg3 Kd7 40.
Ra8 Kc7 41. Ra7+ Kd8 42. c4 g4 43. Ke3 gxf3 44. Kxf3 Ke8 45. Rc7 Kf7 46. Rxc6
Ke6 47. Rc7 a5 48. Ra7 a4 49. Ke3 Kf7 50. Kd4 Ke6 51. g4 Kf7 52. Kd5 Ke8 53.
Rc7 Na6 54. Ra7 Nc5 55. Ra5 Nd7 56. Kd4 e5+ 57. Kd5 Nb6+ 58. Ke6 Kd8 59. Kxf6
Nxc4 60. Rxa4 Nb6 61. Ra7 Nc4 62. Ke6 Nd2 63. Kd5 Kc8 64. g5 Nb1 65. Kc6 Kb8
66. Rb7+ 1-0

[Event "SR 3. liga A2 2012/2013"]
[Site "?"]
[Date "2013.01.27"]
[Round "7.6"]
[White "Papanek, Lubomir"]
[Black "Jancik, Ondrej"]
[Result "1-0"]
[WhiteElo "1590"]
[BlackElo "1701"]
[PlyCount "48"]
[EventDate "2012.??.??"]

1. d4 Nf6 2. c4 g6 3. Nf3 Bg7 4. Nc3 d5 5. e3 O-O 6. Be2 c6 7. O-O Nbd7 8. Qc2
e6 9. Re1 Re8 10. Bd3 dxc4 11. Bxc4 Nd5 12. e4 Nxc3 13. bxc3 Nb6 14. Bb3 h6 15.
Be3 Nd7 16. Rad1 Qa5 17. e5 Qc7 18. Qd2 b6 19. Bxh6 Bh8 20. Re4 Nf8 21. Rh4 f6
22. Bxf8 Rxf8 23. Rxh8+ Kxh8 24. Qh6+ Qh7 1-0

[Event "SR 3. liga A2 2012/2013"]
[Site "?"]
[Date "2013.01.27"]
[Round "7.6"]
[White "Suchan, Jozef"]
[Black "Kanka, Tomas"]
[Result "1/2-1/2"]
[WhiteElo "1699"]
[BlackElo "1435"]
[PlyCount "77"]
[EventDate "2012.??.??"]

1. d4 Nf6 2. c4 e5 3. Bg5 Bb4+ 4. Nc3 e4 5. e3 O-O 6. Nge2 c6 7. a3 Bxc3+ 8.
Nxc3 d5 9. cxd5 cxd5 10. Bxf6 gxf6 11. Qh5 Be6 12. Be2 Nc6 13. Bg4 Kh8 14. Bf5
Bxf5 15. Qxf5 Rg8 16. Nxd5 Qa5+ 17. b4 Qb5 18. Qxf6+ Rg7 19. Nc7 Qd3 20. Rd1
Qc3+ 21. Kf1 Rc8 22. Qf4 Qc2 23. Re1 Ne7 24. Na8 Qd3+ 25. Kg1 Rxa8 26. g3 Rc8
27. Kg2 Ng6 28. Qf6 Rc6 29. Qd8+ Rg8 30. Qg5 f6 31. Qh6 Qd2 32. Rhf1 f5 33. Rd1
Qe2 34. d5 Rc2 35. Qg5 Qf3+ 36. Kg1 Rxf2 37. Qf6+ Rg7 38. Qd8+ Rg8 39. Qf6+
1/2-1/2

[Event "SR 3. liga A2 2012/2013"]
[Site "?"]
[Date "2013.02.10"]
[Round "8.1"]
[White "Hecko, Dusan"]
[Black "Sturdik, Igor"]
[Result "1/2-1/2"]
[WhiteElo "2073"]
[BlackElo "2027"]
[PlyCount "35"]
[EventDate "2012.??.??"]

1. e4 Nf6 2. Nc3 d5 3. exd5 Nxd5 4. Bc4 e6 5. Nf3 Be7 6. O-O O-O 7. d4 Nxc3 8.
bxc3 Nd7 9. Re1 b6 10. Qe2 Bb7 11. Bd2 Re8 12. Bd3 Nf6 13. Rad1 h6 14. h3 Qd5
15. c4 Qh5 16. Ne5 Qxe2 17. Rxe2 Rad8 18. c3 1/2-1/2

[Event "SR 3. liga A2 2012/2013"]
[Site "?"]
[Date "2013.02.10"]
[Round "8.1"]
[White "Bahna, Jan"]
[Black "Diviak, Rastislav"]
[Result "1/2-1/2"]
[WhiteElo "1943"]
[BlackElo "2017"]
[PlyCount "82"]
[EventDate "2012.??.??"]

1. e4 c5 2. Nc3 Nc6 3. g3 g6 4. Bg2 Bg7 5. d3 d6 6. Nge2 e6 7. O-O Nge7 8. h3
O-O 9. Be3 Nd4 10. Qd2 Rb8 11. Nd1 b5 12. c3 Ndc6 13. Bh6 e5 14. Bxg7 Kxg7 15.
f4 Bb7 16. f5 Ng8 17. Nf2 Nce7 18. g4 f6 19. Ng3 d5 20. Rad1 Qb6 21. Kh2 dxe4
22. dxe4 c4 23. g5 Rbd8 24. gxf6+ Nxf6 25. Qg5 Rxd1 26. Nxd1 Qd6 27. fxg6 hxg6
28. Ne3 Bc8 29. Nef5+ Bxf5 30. Nxf5+ Nxf5 31. exf5 Nh5 32. Qxg6+ Qxg6 33. fxg6
Rxf1 34. Bxf1 Kxg6 35. a4 a6 36. Kg2 Nf4+ 37. Kf3 Kf5 38. axb5 axb5 39. h4 e4+
40. Ke3 Nd3 41. b3 Nc5 1/2-1/2

[Event "SR 3. liga A2 2012/2013"]
[Site "?"]
[Date "2013.02.10"]
[Round "8.1"]
[White "Pericka, Tomas"]
[Black "Krist, Milan"]
[Result "1/2-1/2"]
[WhiteElo "2029"]
[BlackElo "1985"]
[PlyCount "64"]
[EventDate "2012.??.??"]

1. e4 c6 2. d4 d5 3. e5 Bf5 4. Nc3 e6 5. g4 Bg6 6. Nge2 c5 7. Nf4 cxd4 8. Nb5
Nc6 9. h4 h6 10. Nxg6 fxg6 11. Nxd4 Qd7 12. f4 Bc5 13. Be3 Nge7 14. Rh3 Bxd4
15. Bxd4 Nxd4 16. Qxd4 Nc6 17. Qa4 Nxe5 18. Bb5 Nc6 19. Rc3 Rc8 20. Bd3 O-O 21.
Bxg6 Ne5 22. Qxd7 Nxd7 23. Rxc8 Rxc8 24. O-O-O Rc4 25. f5 Nf8 26. Bh5 exf5 27.
gxf5 Rxh4 28. Bf3 d4 29. Bxb7 Kf7 30. c4 dxc3 31. bxc3 Ke7 32. Kc2 Nd7 1/2-1/2

[Event "SR 3. liga A2 2012/2013"]
[Site "?"]
[Date "2013.02.10"]
[Round "8.1"]
[White "Mosny, Jaroslav"]
[Black "Diviak, Rudolf"]
[Result "1-0"]
[WhiteElo "1923"]
[BlackElo "1852"]
[PlyCount "65"]
[EventDate "2012.??.??"]

1. d4 Nf6 2. Nf3 g6 3. c4 Bg7 4. Nc3 d6 5. g3 O-O 6. Bg2 Nbd7 7. O-O a6 8. Re1
e5 9. e4 Rb8 10. a4 exd4 11. Nxd4 Re8 12. h3 c6 13. Be3 Ne5 14. b3 Nh5 15. Rc1
Qc7 16. Kh2 Be6 17. f4 Nd7 18. Bf2 Nf8 19. Bf3 Nf6 20. g4 c5 21. Nde2 Rbd8 22.
Bg3 Bc8 23. f5 h6 24. Nf4 Qa5 25. Qd3 N6d7 26. Ncd5 Ne5 27. Qf1 Nfd7 28. Re2
Nxf3+ 29. Qxf3 Ne5 30. Qf1 Kh7 31. Be1 Qxe1 32. Rexe1 g5 33. Nh5 1-0

[Event "SR 3. liga A2 2012/2013"]
[Site "?"]
[Date "2013.02.10"]
[Round "8.1"]
[White "Skapik, Branislav"]
[Black "Bukovsky, Milan"]
[Result "1/2-1/2"]
[WhiteElo "1857"]
[BlackElo "1956"]
[PlyCount "43"]
[EventDate "2012.??.??"]

1. e4 e5 2. Nf3 Nc6 3. Bb5 Nf6 4. O-O Bc5 5. c3 O-O 6. d4 Bb6 7. Bg5 h6 8. Bh4
d6 9. Bxc6 bxc6 10. Nbd2 Ba6 11. Re1 Qe7 12. a4 exd4 13. e5 dxe5 14. Nxe5 Rfe8
15. Ne4 Qe6 16. Bxf6 gxf6 17. Qg4+ Qxg4 18. Nxf6+ Kf8 19. Nexg4 Rxe1+ 20. Rxe1
dxc3 21. Nd7+ Kg7 22. Nxb6 1/2-1/2